Quantity cookery and catering management : a guide to students, leading commercial cooking NC III / (Record no. 81912)
[ view plain ]
| 000 -LEADER | |
|---|---|
| fixed length control field | 00552nam a22001817a 4500 |
| 003 - CONTROL NUMBER IDENTIFIER | |
| control field | URS |
| 005 - DATE AND TIME OF LATEST TRANSACTION | |
| control field | 20250129005603.0 |
| 008 - FIXED-LENGTH DATA ELEMENTS--GENERAL INFORMATION | |
| fixed length control field | 250129b |||||||| |||| 00| 0 eng d |
| 020 ## - INTERNATIONAL STANDARD BOOK NUMBER | |
| International Standard Book Number | 9786214091843 |
| 040 ## - CATALOGING SOURCE | |
| Transcribing agency | URS |
| 050 ## - LIBRARY OF CONGRESS CALL NUMBER | |
| Classification number | FIL TX 921 .P882 2023 |
| 100 ## - MAIN ENTRY--PERSONAL NAME | |
| Relator code | author |
| Personal name | Prades, Corazon |
| 245 ## - TITLE STATEMENT | |
| Title | Quantity cookery and catering management : a guide to students, leading commercial cooking NC III / |
| Statement of responsibility, etc. | Corazon Prades |
| 250 ## - EDITION STATEMENT | |
| Edition statement | 2nd |
| 260 ## - PUBLICATION, DISTRIBUTION, ETC. | |
| Place of publication, distribution, etc. | Mandaluyong, Philippines : |
| Name of publisher, distributor, etc. | Book Atbp, |
| Date of publication, distribution, etc. | 2023 |
| 300 ## - PHYSICAL DESCRIPTION | |
| Extent | xvi ; 190 p, 20 cm |
| 942 ## - ADDED ENTRY ELEMENTS (KOHA) | |
| Source of classification or shelving scheme | Library of Congress Classification |
| Koha item type | Filipiniana |
| Withdrawn status | Source of classification or shelving scheme | Damaged status | Not for loan | Home library | Current library | Date acquired | Source of acquisition | Cost, normal purchase price | Total Checkouts | Full call number | Barcode | Date last seen | Copy number | Price effective from | Koha item type |
|---|---|---|---|---|---|---|---|---|---|---|---|---|---|---|---|
| Library of Congress Classification | Angono College Library | Angono College Library | 12/12/2024 | Library Fund | 525.00 | TX 921 .P882 2023 c1 | URSANG-7470 | 01/29/2025 | 1 | 01/29/2025 | Filipiniana | ||||
| Library of Congress Classification | Angono College Library | Angono College Library | 12/12/2024 | Library Fund | 525.00 | TX 921 .P882 2023 c2 | URSANG-7471 | 01/29/2025 | 2 | 01/29/2025 | Filipiniana | ||||
| Library of Congress Classification | Angono College Library | Angono College Library | 12/12/2024 | Library Fund | 525.00 | TX 921 .P882 2023 c3 | URSANG-7472 | 01/29/2025 | 3 | 01/29/2025 | Filipiniana |